{"text_format":"2","workbook":"xlsx","n_sheets":12,"sheets":["PFF","PFF_MOD_MIN","PFP","CROFF","PFP2.1_FatorKa","PFP2.2_FatorKb","PFP2.3_FatorKc","PFP3_FatorKd","CRO-1","COTAÇÕES","CPUH-1","CLP-1"],"not_rendered":{"charts":0,"images":21,"macros":0,"external_links":53,"defined_names":5522,"comments":0,"pivot_tables":0},"unopened":[],"bounds":{"document_bytes":16777216,"sheet_cells":100000,"run_cost":"one","rows_first":2000,"rows_last":500,"rows_between":2000,"halvings":0,"cell_chars":16384,"cell_head_chars":4096},"cells_cut":0,"cells_raw":0,"read":"whole","date_system":"1900"}

{"sheet":"PFF","index":0,"n_rows":17,"n_cols":7,"rows_kept":17,"cut":false,"hidden":false,"merged":[[0,0,0,5],[1,0,1,6],[2,0,2,3],[2,4,2,5],[16,0,16,5]]}
["PROPOSTA FINANCEIRA FINAL",{"$nulls":5},"CODIGO:\nPFF"]
["NOME DA CONSULTORA:"]
["CONTRATAÇÃO DE SERVIÇOS DE CONSULTORIA, POR MEIO DO SISTEMA DE REGISTRO DE PREÇOS – SRP, PARA CERTIFICAÇÃO DE AGROINDÚSTRIAS DE LÁCTEOS E DE SEUS PRODUTOS NO SERVIÇO DE INSPEÇÃO ESTADUAL – SIE, NO ESTADO DO CEARÁ.",null,null,null,"CONTRATANTE: \nCODEVASF (14ª SR)",null,"SINAPI/CE: 06/2025 (NÃO DESONERADA)                              UFIRCE/2025 (R$ 6,02969)                                                   PESQUISA DE MERCADO: 02/2025"]
["Item","Serviço","Categoria / Insumo","Uni","Qde","CUD","CT"]
["1.0",null,"Avaliação Técnica Inicial",null,null,null,{"$f":"SUM(G6:G6)","v":194934.59999999998}]
["1.2","RATI","Relatório de Avaliação Técnica Inicial","Un",30,{"$f":"'CRO-1'!I25","v":6497.82},{"$f":"E6*F6","v":194934.59999999998}]
["2.0",null,"Registro do Estabelecimento",null,null,null,{"$f":"SUM(G8:G8)","v":501232.20000000007}]
["2.1","RRE","Relatório de Registro do Estabelecimento","Un",30,{"$f":"'CRO-1'!J25","v":16707.740000000002},{"$f":"E8*F8","v":501232.20000000007}]
["3.0",null,"Registro do Produto",null,null,null,{"$f":"SUM(G10:G10)","v":345344.39999999997}]
["3.1","RRP","Relatório de Registro do Produto","Un",90,{"$f":"'CRO-1'!K25","v":3837.16},{"$f":"E10*F10","v":345344.39999999997}]
["4.0",null,"Capacitação",null,null,null,{"$f":"SUM(G12:G12)","v":232898.4}]
["4.1","RCAP","Relatório de Capacitação","Un",30,{"$f":"'CRO-1'!L25","v":7763.28},{"$f":"E12*F12","v":232898.4}]
["5.0",null,"Vistoria Final",null,null,null,{"$f":"SUM(G14:G14)","v":63565.5}]
["5.1","RVF","Relatório de Vistoria Final","Un",30,{"$f":"'CRO-1'!M25","v":2118.85},{"$f":"E14*F14","v":63565.5}]
["6.0",null,"Adequação Projeto Padrão Codevasf",null,null,null,{"$f":"SUM(G16:G16)","v":1873503.3}]
["6.1","RAPP","Relatório de Adequação Projeto Padrão Codevasf","Un",30,{"$f":"'CRO-1'!N25","v":62450.11},{"$f":"E16*F16","v":1873503.3}]
["TOTAL DA PROPOSTA A PREÇO GLOBAL",{"$nulls":5},{"$f":"G5+G7+G9+G11+G13+G15","v":3211478.4}]

{"sheet":"PFF_MOD_MIN","index":1,"n_rows":17,"n_cols":7,"rows_kept":17,"cut":false,"hidden":false,"merged":[[0,0,0,5],[1,0,1,6],[2,0,2,3],[2,4,2,5],[16,0,16,5]]}
["PROPOSTA FINANCEIRA FINAL - MODULO MÍNIMO",{"$nulls":5},"CODIGO:\nPFF"]
["NOME DA CONSULTORA:"]
["CONTRATAÇÃO DE SERVIÇOS DE CONSULTORIA, POR MEIO DO SISTEMA DE REGISTRO DE PREÇOS – SRP, PARA CERTIFICAÇÃO DE AGROINDÚSTRIAS DE LÁCTEOS E DE SEUS PRODUTOS NO SERVIÇO DE INSPEÇÃO ESTADUAL – SIE, NO ESTADO DO CEARÁ.",null,null,null,"CONTRATANTE: \nCODEVASF (14ª SR)",null,"SINAPI/CE: 06/2025 (NÃO DESONERADA)                              UFIRCE/2025 (R$ 6,02969)                                                   PESQUISA DE MERCADO: 02/2025"]
["Item","Serviço","Categoria / Insumo","Uni","Qde","CUD","CT"]
["1.0",null,"Avaliação Técnica Inicial",null,null,null,{"$f":"SUM(G6:G6)","v":6497.82}]
["1.2","RATI","Relatório de Avaliação Técnica Inicial","Un",1,{"$f":"'CRO-1'!I25","v":6497.82},{"$f":"E6*F6","v":6497.82}]
["2.0",null,"Registro do Estabelecimento",null,null,null,{"$f":"SUM(G8:G8)","v":16707.740000000002}]
["2.1","RRE","Relatório de Registro do Estabelecimento","Un",1,{"$f":"'CRO-1'!J25","v":16707.740000000002},{"$f":"E8*F8","v":16707.740000000002}]
["3.0",null,"Registro do Produto",null,null,null,{"$f":"SUM(G10:G10)","v":11511.48}]
["3.1","RRP","Relatório de Registro do Produto","Un",3,{"$f":"'CRO-1'!K25","v":3837.16},{"$f":"E10*F10","v":11511.48}]
["4.0",null,"Capacitação",null,null,null,{"$f":"SUM(G12:G12)","v":7763.28}]
["4.1","RCAP","Relatório de Capacitação","Un",1,{"$f":"'CRO-1'!L25","v":7763.28},{"$f":"E12*F12","v":7763.28}]
["5.0",null,"Vistoria Final",null,null,null,{"$f":"SUM(G14:G14)","v":2118.85}]
["5.1","RVF","Relatório de Vistoria Final","Un",1,{"$f":"'CRO-1'!M25","v":2118.85},{"$f":"E14*F14","v":2118.85}]
["6.0",null,"Adequação Projeto Padrão Codevasf",null,null,null,{"$f":"SUM(G16:G16)","v":62450.11}]
["6.1","RAPP","Relatório de Adequação Projeto Padrão Codevasf","Un",1,{"$f":"'CRO-1'!N25","v":62450.11},{"$f":"E16*F16","v":62450.11}]
["TOTAL DA PROPOSTA A PREÇO GLOBAL",{"$nulls":5},{"$f":"G5+G7+G9+G11+G13+G15","v":107049.28}]

{"sheet":"PFP","index":2,"n_rows":23,"n_cols":12,"rows_kept":23,"cut":false,"hidden":false,"merged":[[21,0,21,7],[21,8,21,11],[22,0,22,11],[18,0,18,7],[18,8,18,11],[19,0,19,7],[19,8,19,11],[20,0,20,7],[20,8,20,11],[0,0,0,9],[0,10,0,11],[1,0,1,11],[2,0,2,5],[2,6,2,9],[2,10,2,11]]}
["PROPOSTA FINANCEIRA DO PROJETO",{"$nulls":9},"CODIGO:\nPFP"]
["NOME DA CONSULTORA:"]
[{"$f":"PFF!A3","v":"CONTRATAÇÃO DE SERVIÇOS DE CONSULTORIA, POR MEIO DO SISTEMA DE REGISTRO DE PREÇOS – SRP, PARA CERTIFICAÇÃO DE AGROINDÚSTRIAS DE LÁCTEOS E DE SEUS PRODUTOS NO SERVIÇO DE INSPEÇÃO ESTADUAL – SIE, NO ESTADO DO CEARÁ."},{"$nulls":5},{"$f":"PFF!E3","v":"CONTRATANTE: \nCODEVASF (14ª SR)"},null,null,null,{"$f":"PFF!G3","v":"SINAPI/CE: 06/2025 (NÃO DESONERADA)                              UFIRCE/2025 (R$ 6,02969)                                                   PESQUISA DE MERCADO: 02/2025"}]
["Base","Cod2","Cod3","Código","Categoria / Insumo","Uni","Qde","CUD","PU","FatorK","CT","PT"]
["Lei Federal 4.950/A","MO2","P1","T1","Médico Veterinário","h",{"$f":"'CRO-1'!E11","v":4320},{"$f":"'CRO-1'!F11","v":130.30000000000001},{"$f":"ROUND(H5*J5,2)","v":200.69},{"$f":"'PFP2.2_FatorKb'!D33","v":1.5402},{"$f":"$G5*H5","v":562896},{"$f":"$G5*I5","v":866980.8}]
["SINAPI/CE","MO2","P1",90777,"Engenheiro","h",{"$f":"'CRO-1'!E12","v":6720},130.30000000000001,{"$f":"ROUND(H6*J6,2)","v":200.69},{"$f":"'PFP2.2_FatorKb'!D33","v":1.5402},{"$f":"$G6*H6","v":875616.00000000012},1348636.8]
["SINAPI/CE","MO2","P1",90768,"Arquiteto","h",{"$f":"'CRO-1'!E13","v":1680},127.12,195.79,{"$f":"'PFP2.2_FatorKb'!D33","v":1.5402},213561.60000000001,328927.2]
["SINAPI/CE","MO2","P1",90775,"Desenhista","h",{"$f":"'CRO-1'!E14","v":4560},29.79,45.88,{"$f":"'PFP2.2_FatorKb'!D33","v":1.5402},135842.4,209212.80000000002]
["SENAI","MO2","P1","T2","Instrutor","h",{"$f":"'CRO-1'!E15","v":480},{"$f":"'CRO-1'!F15","v":224.06},345.1,{"$f":"'PFP2.2_FatorKb'!D33","v":1.5402},107548.8,165648]
["CODEVASF","LO","V1","CPUH-1","Diarias - Interior ","dia",{"$f":"'CRO-1'!E16","v":270},353.39,428.56,{"$f":"PFP3_FatorKd!E15","v":1.2126999999999999},95415.3,115711.2]
["CODEVASF","LO","V2","CLP-1","Veículo tipo Hatch 100cv ou mais (Taxa selic 15%)","dia",{"$f":"'CRO-1'!E17","v":270},{"$f":"'CRO-1'!F17","v":108.73},131.86000000000001,{"$f":"PFP3_FatorKd!E15","v":1.2126999999999999},29357.100000000002,35602.200000000004]
["CREA-CE","Taxa","TX","T3","Anotação de Responsabilidade Técnica - ART Engenheiro/Arquiteto 2025","un",{"$f":"'CRO-1'!E18","v":240},103.03,124.94,{"$f":"PFP3_FatorKd!E15","v":1.2126999999999999},24727.200000000001,29985.599999999999]
["CRMV-CE","Taxa","TX","T4","Anotação de Responsabilidade Técnica - ART Médico Veterinário","un",{"$f":"'CRO-1'!E19","v":60},{"$f":"'CRO-1'!F19","v":163},197.67,{"$f":"PFP3_FatorKd!E15","v":1.2126999999999999},9780,11860.199999999999]
["Lei Estadual 15.838/15","Taxa","TX","T5","Pagamento da Taxa - Análise da documentação","un",{"$f":"'CRO-1'!E20","v":30},{"$f":"'CRO-1'!F20","v":346.95},420.75,{"$f":"PFP3_FatorKd!E15","v":1.2126999999999999},10408.5,12622.5]
["Lei Estadual 15.838/15","Taxa","TX","T6","Pagamento da Taxa - Registro do Produto","un",{"$f":"'CRO-1'!E21","v":90},{"$f":"'CRO-1'!F21","v":60.3},73.13,{"$f":"PFP3_FatorKd!E15","v":1.2126999999999999},5427,6581.7]
["Lei Estadual 15.838/15","Taxa","TX","T7","Pagamento da Taxa - Vistoria Final","un",{"$f":"'CRO-1'!E22","v":30},{"$f":"'CRO-1'!F22","v":602.97},731.22,{"$f":"PFP3_FatorKd!E15","v":1.2126999999999999},18089.100000000002,21936.600000000002]
["CODEVASF","COT","COT","COT-01","Laudo de análise fisico-química e microbiológica da água","un",{"$f":"'CRO-1'!E23","v":30},{"$f":"'CRO-1'!F23","v":220},266.79000000000002,{"$f":"PFP3_FatorKd!E15","v":1.2126999999999999},6600,8003.7000000000007]
["SENAI","ROT","ROT","ROT-01","Desenvolvimento da rotulagem de produtos","un",{"$f":"'CRO-1'!E24","v":90},{"$f":"'CRO-1'!F24","v":456},552.99,{"$f":"PFP3_FatorKd!E15","v":1.2126999999999999},41040,49769.1]
["TOTAL DOS CUSTOS DIRETOS",{"$nulls":7},{"$f":"SUM(K5:K18)","v":2136309}]
["TOTAL DOS ENCARGOS E DISPESAS DIVERSAS",{"$nulls":7},{"$f":"I21-I19","v":1075169.4000000013}]
["TOTAL DA PROPOSTA A PREÇO GLOBAL",{"$nulls":7},{"$f":"SUM(L5:L18)","v":3211478.4000000013}]
["TOTAL DA PROPOSTA",{"$nulls":7},{"$f":"SUM(I21:L21)","v":3211478.4000000013}]
["OBSERVAÇÃO:\nAlocar os Insumos MO, com respectivo FatorK, dentro da categoria de vínculo contratual (celetista, autonomo, societario) Uni - unidade de medição do insumo;\nQde - Quantidade do Insumo (não pode ocorrer alteração pela Licitante)\nCUD - Custo Unitário Direto do Insumo (sem encargos, taxas e impostos, valor não pode ser maior que o Orçado pela Codevasf) CT - Custo Total (sem encargos, taxas e impostos) - CT = Qde x CUD\nFatorK - Taxa de Ressarcimento de Despesas e Encargos (detalhar composição nas Planilhas \"PFP2.1\", \"PFP2.2\", \"PFP3\") PU - Preço Unitário do Insumo (incluído encargos, taxas e impostos) - PU = CUD x FatorK\nPT - Preço Total do Insumo (incluído encargos, taxas e impostos) - PT = Qde x PU\nP - Profissionais nível superior nas áreas de Engenharia, Química, Arquitetura, Agronomia e Veterinária, conforme disposições da Lei 4.950-A/66 S - Profissionais de nível superior nas demais áreas de atuação, incluindo Arqueólogo, Biólogo, Geógrafo e Sociólogo\nT - Profissionais de nível médio técnico nas diversas áreas de atuação\nA - Profissionais de nível médio de apoio técnico-administrativo"]

{"sheet":"CROFF","index":3,"n_rows":26,"n_cols":15,"rows_kept":26,"cut":false,"hidden":false,"merged":[[25,0,25,12],[1,0,1,14],[2,0,2,14],[3,13,6,14],[10,0,11,0],[10,1,11,1],[8,0,9,0],[8,1,9,1],[3,0,6,4],[3,5,6,12],[25,13,25,14],[24,0,24,14],[0,0,0,13],[20,0,20,1],[21,0,21,1],[22,0,22,1],[23,0,23,1],[12,0,13,0],[12,1,13,1],[14,0,15,0],[14,1,15,1],[16,1,17,1],[18,1,19,1],[16,0,17,0],[18,0,19,0]]}
["CRONOGRAMA FÍSICO FINANCEIRO",{"$nulls":13},"CÓDIGO:\nCROFF"]
["NOME DA CONSULTORA:"]
[]
[{"$f":"PFF!A3","v":"CONTRATAÇÃO DE SERVIÇOS DE CONSULTORIA, POR MEIO DO SISTEMA DE REGISTRO DE PREÇOS – SRP, PARA CERTIFICAÇÃO DE AGROINDÚSTRIAS DE LÁCTEOS E DE SEUS PRODUTOS NO SERVIÇO DE INSPEÇÃO ESTADUAL – SIE, NO ESTADO DO CEARÁ."},{"$nulls":4},{"$f":"PFF!E3","v":"CONTRATANTE: \nCODEVASF (14ª SR)"},{"$nulls":7},{"$f":"PFF!G3","v":"SINAPI/CE: 06/2025 (NÃO DESONERADA)                              UFIRCE/2025 (R$ 6,02969)                                                   PESQUISA DE MERCADO: 02/2025"}]
[]
[]
[]
["Item","Descrição","Total Por Etapa","30 DIAS","60 DIAS","90 DIAS","120 DIAS","150 DIAS","180 DIAS","210 DIAS","240 DIAS","270 DIAS","300 DIAS","330 DIAS","360 DIAS"]
["1.0",{"$f":"PFF!C6","v":"Relatório de Avaliação Técnica Inicial"},{"$f":"SUM(D9:O9)","v":1},0.1,0.1,0.2,0.2,0.2,0.2,0,0,0,0,0,0]
[null,null,{"$f":"PFF!G5","v":194934.59999999998},{"$f":"$C$10*D9","v":19493.46},19493.46,38986.92,38986.92,38986.92,38986.92,0,0,0,0,0,0]
["2.0",{"$f":"PFF!C8","v":"Relatório de Registro do Estabelecimento"},{"$f":"SUM(D11:O11)","v":1},0,0.1,0.1,0.15,0.15,0.15,0.15,0.1,0.1,0,0,0]
[null,null,{"$f":"PFF!G7","v":501232.20000000007},{"$f":"$C$12*D11","v":0},{"$f":"$C$12*E11","v":50123.220000000008},{"$f":"$C$12*F11","v":50123.220000000008},75184.83,75184.83,75184.83,75184.83,50123.220000000008,50123.220000000008,0,0,0]
["3.0",{"$f":"PFF!C10","v":"Relatório de Registro do Produto"},{"$f":"SUM(D13:O13)","v":1},0,0,0,0.1,0.1,0.2,0.2,0.2,0.2,0,0,0]
[null,null,{"$f":"PFF!G9","v":345344.39999999997},{"$f":"$C$14*D13","v":0},0,0,{"$f":"$C$14*G13","v":34534.439999999995},34534.439999999995,69068.87999999999,69068.87999999999,69068.87999999999,69068.87999999999,0,0,0]
["4.0",{"$f":"PFF!C12","v":"Relatório de Capacitação"},{"$f":"SUM(D15:O15)","v":1},0,0,0.1,0.15,0.15,0.15,0.15,0.1,0.1,0.1,0,0]
[null,null,{"$f":"PFF!G11","v":232898.4},{"$f":"$C$16*D15","v":0},0,23289.84,34934.759999999995,34934.759999999995,34934.759999999995,34934.759999999995,23289.84,23289.84,23289.84,0,0]
["5.0",{"$f":"PFF!C14","v":"Relatório de Vistoria Final"},{"$f":"SUM(D17:O17)","v":1},0,0,0,0,0,0.1,0.15,0.15,0.15,0.15,0.15,0.15]
[null,null,{"$f":"PFF!G13","v":63565.5},{"$f":"$C$18*D17","v":0},0,0,0,0,6356.55,9534.8249999999989,9534.8249999999989,9534.8249999999989,9534.8249999999989,{"$f":"$C$18*N17","v":9534.8249999999989},{"$f":"$C$18*O17","v":9534.8249999999989}]
["6.0",{"$f":"PFF!C16","v":"Relatório de Adequação Projeto Padrão Codevasf"},{"$f":"SUM(D19:O19)","v":1},0,0,0,0,0,1,0,0,0,0,0,0]
[null,null,{"$f":"PFF!G16","v":1873503.3},{"$f":"$C$20*D19","v":0},0,0,0,0,{"$f":"$C$20*I19","v":1873503.3},{"$f":"$C$20*J19","v":0},{"$f":"$C$20*K19","v":0},{"$f":"$C$20*L19","v":0},{"$f":"$C$20*M19","v":0},{"$f":"$C$20*N19","v":0},{"$f":"$C$20*O19","v":0}]
["Porcentagem",null,null,{"$f":"D22/$N$26","v":6.0699333988981502E-3},{"$f":"E22/$N$26","v":2.167745546723901E-2},{"$f":"F22/$N$26","v":3.4999450720266397E-2},{"$f":"G22/$N$26","v":5.7182682592540543E-2},{"$f":"H22/$N$26","v":5.7182682592540543E-2},0.65329265175814344,5.8765238776010427E-2,4.7335446814775389E-2,4.7335446814775389E-2,1.0221044924356331E-2,{"$f":"N22/$N$26","v":2.9689830702270942E-3},{"$f":"O22/$N$26","v":2.9689830702270942E-3}]
["Custo",null,null,{"$f":"D10+D12+D14+D16+D18+D20","v":19493.46},{"$f":"E10+E12+E14+E16+E18+E20","v":69616.680000000008},{"$f":"F10+F12+F14+F16+F18+F20","v":112399.98000000001},{"$f":"G10+G12+G14+G16+G18+G20","v":183640.95},{"$f":"H10+H12+H14+H16+H18+H20","v":183640.95},{"$f":"I10+I12+I14+I16+I18+I20","v":2098035.2400000002},{"$f":"J10+J12+J14+J16+J18+J20","v":188723.29499999998},{"$f":"K10+K12+K14+K16+K18+K20","v":152016.76500000001},152016.76500000001,{"$f":"M10+M12+M14+M16+M18+M20","v":32824.665000000001},{"$f":"N10+N12+N14+N16+N18+N20","v":9534.8249999999989},{"$f":"O10+O12+O14+O16+O18+O20","v":9534.8249999999989}]
["Porcentagem Acumulada",null,null,{"$f":"D24/$N$26","v":6.0699333988981502E-3},{"$f":"E24/$N$26","v":2.7747388866137163E-2},{"$f":"F24/$N$26","v":6.2746839586403563E-2},{"$f":"G24/$N$26","v":0.11992952217894412},{"$f":"H24/$N$26","v":0.17711220477148465},0.83040485652962803,0.88917009530563851,0.93650554212041393,0.98384098893518934,0.99406203385954572,{"$f":"N24/$N$26","v":0.99703101692977281},{"$f":"O24/$N$26","v":1}]
["Custo Acumulado",null,null,{"$f":"D22","v":19493.46},{"$f":"D24+E22","v":89110.140000000014},{"$f":"E24+F22","v":201510.12000000002},385151.07000000007,{"$f":"G24+H22","v":568792.02},{"$f":"H24+I22","v":2666827.2600000002},{"$f":"I24+J22","v":2855550.5550000002},{"$f":"J24+K22","v":3007567.3200000003},{"$f":"K24+L22","v":3159584.0850000004},{"$f":"L24+M22","v":3192408.7500000005},{"$f":"M24+N22","v":3201943.5750000007},{"$f":"N24+O22","v":3211478.4000000008}]
[]
["Total Geral",{"$nulls":12},{"$f":"O24","v":3211478.4000000008}]

{"sheet":"PFP2.1_FatorKa","index":4,"n_rows":34,"n_cols":5,"rows_kept":34,"cut":false,"hidden":false,"merged":[[29,1,29,2],[30,1,30,2],[31,1,31,2],[32,1,32,2],[33,0,33,4],[24,1,24,2],[25,1,25,2],[26,1,26,2],[27,1,27,2],[28,1,28,2],[19,1,19,2],[20,1,20,2],[21,1,21,2],[22,1,22,2],[23,1,23,2],[14,1,14,2],[15,1,15,2],[16,1,16,2],[17,1,17,2],[18,1,18,2],[9,1,9,2],[10,1,10,2],[11,1,11,2],[12,1,12,2],[13,1,13,2],[4,1,4,2],[5,1,5,2],[6,1,6,2],[7,1,7,2],[8,1,8,2],[0,0,0,3],[1,0,1,4],[2,0,2,1],[2,2,2,3],[3,1,3,2]]}
["DETALHAMENTO DOS ENCARGOS SOCIAIS: Ka",null,null,null,"CODIGO:\nPFP-2.1"]
["NOME DA CONSULTORA:"]
[{"$f":"PFF!A3","v":"CONTRATAÇÃO DE SERVIÇOS DE CONSULTORIA, POR MEIO DO SISTEMA DE REGISTRO DE PREÇOS – SRP, PARA CERTIFICAÇÃO DE AGROINDÚSTRIAS DE LÁCTEOS E DE SEUS PRODUTOS NO SERVIÇO DE INSPEÇÃO ESTADUAL – SIE, NO ESTADO DO CEARÁ."},null,{"$f":"PFF!E3","v":"CONTRATANTE: \nCODEVASF (14ª SR)"},null,{"$f":"PFF!G3","v":"SINAPI/CE: 06/2025 (NÃO DESONERADA)                              UFIRCE/2025 (R$ 6,02969)                                                   PESQUISA DE MERCADO: 02/2025"}]
["Cod","DESCRIÇÃO",null,"%","R$"]
["A","ENCARGOS SOCIAIS BÁSICOS",null,{"$f":"SUM(D6:D14)","v":0.36800000000000005},{"$f":"SUM(E6:E14)","v":0}]
["A1","INSS",null,0.2,0]
["A2","SESI",null,1.4999999999999999E-2,0]
["A3","SENAI",null,0.01,0]
["A4","INCRA",null,2E-3,0]
["A5","SEBRAE",null,6.0000000000000001E-3,0]
["A6","Salário Educação",null,2.5000000000000001E-2,0]
["A7","Seguro Contra Acidentes de Trabalho",null,0.03,0]
["A8","FGTS",null,0.08,0]
["A9","Seconci",null,0,0]
["B","ENCARGOS SOCIAIS QUE RECEBEM INCIDÊNCIA DE \"A\"",null,{"$f":"SUM(D16:D22)","v":0.1946},{"$f":"SUM(E16:E22)","v":0}]
["B3","Auxílio Enfermidade",null,6.4999999999999997E-3,0]
["B4","13º Salário",null,8.3299999999999999E-2,0]
["B5","Licença Paternidade",null,5.0000000000000001E-4,0]
["B6","Faltas Justificadas",null,5.5999999999999999E-3,0]
["B8","Auxílio Acidente de Trabalho",null,6.9999999999999999E-4,0]
["B9","Férias Gozadas",null,9.7699999999999995E-2,0]
["B10","Salário Maternidade",null,2.9999999999999997E-4,0]
["C","ENCARGOS SOCIAIS QUE NÃO RECEBEM INCIDÊNCIA DE \"A\"",null,{"$f":"SUM(D24:D28)","v":8.0500000000000002E-2},{"$f":"SUM(E24:E28)","v":0}]
["C1","Aviso Prévio Indenizado",null,4.1700000000000001E-2,0]
["C2","Aviso Prévio Trabalhado",null,1E-3,0]
["C3","Férias Indenizadas",null,1.3599999999999999E-2,0]
["C4","Depósito Rescisão Sem Justa Causa",null,2.07E-2,0]
["C5","Indenização Adicional",null,3.5000000000000001E-3,0]
["D","REINCIDÊNCIAS",null,{"$f":"SUM(D30:D31)","v":7.5299999999999992E-2},{"$f":"SUM(E30:E31)","v":0}]
["D1","Reincidência de \"A\" sobre \"B\"",null,7.1599999999999997E-2,0]
["D2","Reincidência de \"A\" sobre Aviso Prévio Trabalhado e reincidência do FGTS sobre Aviso Prévio Indenizado",null,3.7000000000000002E-3,0]
["K1a","ENCARGOS SOCIAIS",null,{"$f":"ROUND(D5+D15+D23+D29,4)","v":0.71840000000000004},{"$f":"E5+E15+E23+E29","v":0}]
["Ka","TAXA DE RESSARCIMENTO DE DESPESAS E ENCARGOS SOBRE MO1",null,{"$f":"ROUND((1+D32+PFP3_FatorKd!E11)*(1+PFP3_FatorKd!E10)*(1+PFP3_FatorKd!E6),4)","v":2.1688999999999998}]
["OBSERVAÇÃO: CELETISTAS E EQUIVALENTES\n1 - DISCRIMINAR OS ENCARGOS SOCIAIS COM SEUS RESPECTIVOS PERCENTUAS TOTALIZANDO OS MESMOS.\n2 - APLICAR O  % TOTAL P/ CALCULAR OS E. SOCIAIS INCIDENTES NA MÃO-DE-OBRA CELETISTAS\nKa - Taxa de Ressarcimento de Despesas e Encargos sobre a Mão de Obra CELETISTA (incide apenas no Insumo Codigo MO1) Ka = (1 + K1 + K2) x (1 + K3) x (1 + K4)"]

{"sheet":"PFP2.2_FatorKb","index":5,"n_rows":34,"n_cols":5,"rows_kept":34,"cut":false,"hidden":false,"merged":[[29,1,29,2],[30,1,30,2],[31,1,31,2],[32,1,32,2],[33,0,33,4],[24,1,24,2],[25,1,25,2],[26,1,26,2],[27,1,27,2],[28,1,28,2],[19,1,19,2],[20,1,20,2],[21,1,21,2],[22,1,22,2],[23,1,23,2],[14,1,14,2],[15,1,15,2],[16,1,16,2],[17,1,17,2],[18,1,18,2],[9,1,9,2],[10,1,10,2],[11,1,11,2],[12,1,12,2],[13,1,13,2],[4,1,4,2],[5,1,5,2],[6,1,6,2],[7,1,7,2],[8,1,8,2],[0,0,0,3],[1,0,1,4],[2,0,2,1],[2,2,2,3],[3,1,3,2]]}
["DETALHAMENTO DOS ENCARGOS SOCIAIS: Kb",null,null,null,"CODIGO:\nPFP-2.2"]
["NOME DA CONSULTORA:"]
[{"$f":"PFF!A3","v":"CONTRATAÇÃO DE SERVIÇOS DE CONSULTORIA, POR MEIO DO SISTEMA DE REGISTRO DE PREÇOS – SRP, PARA CERTIFICAÇÃO DE AGROINDÚSTRIAS DE LÁCTEOS E DE SEUS PRODUTOS NO SERVIÇO DE INSPEÇÃO ESTADUAL – SIE, NO ESTADO DO CEARÁ."},null,{"$f":"PFF!E3","v":"CONTRATANTE: \nCODEVASF (14ª SR)"},null,{"$f":"'PFP2.1_FatorKa'!E3","v":"SINAPI/CE: 06/2025 (NÃO DESONERADA)                              UFIRCE/2025 (R$ 6,02969)                                                   PESQUISA DE MERCADO: 02/2025"}]
["Cod","DESCRIÇÃO",null,"%","R$"]
["A","ENCARGOS SOCIAIS BÁSICOS",null,{"$f":"SUM(D6:D14)","v":0.2},{"$f":"SUM(E6:E14)","v":583881.12}]
["A1","INSS",null,0.2,{"$f":"ROUND(D6*SUM(PFP!$L$5:$L$9),2)","v":583881.12}]
["A2","SESI",null,0,{"$f":"ROUND(D7*SUM(PFP!$L$5:$L$9),2)","v":0}]
["A3","SENAI",null,0,{"$f":"ROUND(D8*SUM(PFP!$L$5:$L$9),2)","v":0}]
["A4","INCRA",null,0,{"$f":"ROUND(D9*SUM(PFP!$L$5:$L$9),2)","v":0}]
["A5","SEBRAE",null,0,{"$f":"ROUND(D10*SUM(PFP!$L$5:$L$9),2)","v":0}]
["A6","Salário Educação",null,0,{"$f":"ROUND(D11*SUM(PFP!$L$5:$L$9),2)","v":0}]
["A7","Seguro Contra Acidentes de Trabalho",null,0,{"$f":"ROUND(D12*SUM(PFP!$L$5:$L$9),2)","v":0}]
["A8","FGTS",null,0,{"$f":"ROUND(D13*SUM(PFP!$L$5:$L$9),2)","v":0}]
["A9","SECONCI",null,0,{"$f":"ROUND(D14*SUM(PFP!$L$5:$L$9),2)","v":0}]
["B","ENCARGOS SOCIAIS QUE RECEBEM INCIDÊNCIA DE \"A\"",null,{"$f":"SUM(D16:D22)","v":0},{"$f":"SUM(E16:E22)","v":0}]
["B3","Auxílio Enfermidade",null,0,{"$f":"ROUND(D16*SUM(PFP!$L$5:$L$9),2)","v":0}]
["B4","13º Salário",null,0,{"$f":"ROUND(D17*SUM(PFP!$L$5:$L$9),2)","v":0}]
["B5","Licença Paternidade",null,0,{"$f":"ROUND(D18*SUM(PFP!$L$5:$L$9),2)","v":0}]
["B6","Faltas Justificadas",null,0,{"$f":"ROUND(D19*SUM(PFP!$L$5:$L$9),2)","v":0}]
["B8","Auxílio Acidente de Trabalho",null,0,{"$f":"ROUND(D20*SUM(PFP!$L$5:$L$9),2)","v":0}]
["B9","Férias Gozadas",null,0,{"$f":"ROUND(D21*SUM(PFP!$L$5:$L$9),2)","v":0}]
["B10","Salário Maternidade",null,0,{"$f":"ROUND(D22*SUM(PFP!$L$5:$L$9),2)","v":0}]
["C","ENCARGOS SOCIAIS QUE NÃO RECEBEM INCIDÊNCIA DE \"A\"",null,{"$f":"SUM(D24:D28)","v":0},{"$f":"SUM(E24:E28)","v":0}]
["C1","Aviso Prévio Indenizado",null,0,{"$f":"ROUND(D24*SUM(PFP!$L$5:$L$9),2)","v":0}]
["C2","Aviso Prévio Trabalhado",null,0,{"$f":"ROUND(D25*SUM(PFP!$L$5:$L$9),2)","v":0}]
["C3","Férias Indenizadas",null,0,{"$f":"ROUND(D26*SUM(PFP!$L$5:$L$9),2)","v":0}]
["C4","Depósito Rescisão Sem Justa Causa",null,0,{"$f":"ROUND(D27*SUM(PFP!$L$5:$L$9),2)","v":0}]
["C5","Indenização Adicional",null,0,{"$f":"ROUND(D28*SUM(PFP!$L$5:$L$9),2)","v":0}]
["D","REINCIDÊNCIAS",null,{"$f":"SUM(D30:D31)","v":0},{"$f":"SUM(E30:E31)","v":0}]
["D1","Reincidência de \"A\" sobre \"B\"",null,0,{"$f":"ROUND(D30*SUM(PFP!$L$5:$L$9),2)","v":0}]
["D2","Reincidência de \"A\" sobre Aviso Prévio Trabalhado e reincidência do FGTS sobre Aviso Prévio Indenizado",null,0,{"$f":"ROUND(D31*SUM(PFP!$L$5:$L$9),2)","v":0}]
["K1b","ENCARGOS SOCIAIS",null,{"$f":"ROUND(D5+D15+D23+D29,4)","v":0.2},{"$f":"E5+E15+E23+E29","v":583881.12}]
["Kb","TAXA DE RESSARCIMENTO DE DESPESAS E ENCARGOS SOBRE MO2",null,{"$f":"ROUND((1+D32+PFP3_FatorKd!E11)*(1+PFP3_FatorKd!E10)*(1+PFP3_FatorKd!E6),4)","v":1.5402}]
["OBSERVAÇÃO: AUTÔNOMOS E EQUIVALENTES\n1 - DISCRIMINAR OS ENCARGOS SOCIAIS COM SEUS RESPECTIVOS PERCENTUAS TOTALIZANDO OS MESMOS.\n2 - APLICAR O % TOTAL P/ CALCULAR OS E. SOCIAIS INCIDENTES NA MÃO-DE-OBRA AUTONÔMOS\nKb - Taxa de Ressarcimento de Despesas e Encargos sobre a Mão de Obra AUTONÔMA (incide apenas no Insumo Codigo MO2) Kb = (1 + K1 + K2) x (1 + K3) x (1 + K4)"]

{"sheet":"PFP2.3_FatorKc","index":6,"n_rows":34,"n_cols":5,"rows_kept":34,"cut":false,"hidden":false,"merged":[[29,1,29,2],[30,1,30,2],[31,1,31,2],[32,1,32,2],[33,0,33,4],[24,1,24,2],[25,1,25,2],[26,1,26,2],[27,1,27,2],[28,1,28,2],[19,1,19,2],[20,1,20,2],[21,1,21,2],[22,1,22,2],[23,1,23,2],[14,1,14,2],[15,1,15,2],[16,1,16,2],[17,1,17,2],[18,1,18,2],[9,1,9,2],[10,1,10,2],[11,1,11,2],[12,1,12,2],[13,1,13,2],[4,1,4,2],[5,1,5,2],[6,1,6,2],[7,1,7,2],[8,1,8,2],[0,0,0,3],[1,0,1,4],[2,0,2,1],[2,2,2,3],[3,1,3,2]]}
["DETALHAMENTO DOS ENCARGOS SOCIAIS: Kc",null,null,null,"CODIGO:\nPFP-2.3"]
["NOME DA CONSULTORA:"]
[{"$f":"PFF!A3","v":"CONTRATAÇÃO DE SERVIÇOS DE CONSULTORIA, POR MEIO DO SISTEMA DE REGISTRO DE PREÇOS – SRP, PARA CERTIFICAÇÃO DE AGROINDÚSTRIAS DE LÁCTEOS E DE SEUS PRODUTOS NO SERVIÇO DE INSPEÇÃO ESTADUAL – SIE, NO ESTADO DO CEARÁ."},null,{"$f":"PFF!E3","v":"CONTRATANTE: \nCODEVASF (14ª SR)"},null,{"$f":"'PFP2.1_FatorKa'!E3","v":"SINAPI/CE: 06/2025 (NÃO DESONERADA)                              UFIRCE/2025 (R$ 6,02969)                                                   PESQUISA DE MERCADO: 02/2025"}]
["Cod","DESCRIÇÃO",null,"%","R$"]
["A","ENCARGOS SOCIAIS BÁSICOS",null,{"$f":"SUM(D6:D14)","v":0},0]
["A1","INSS",null,0,0]
["A2","SESI",null,0,0]
["A3","SENAI",null,0,0]
["A4","INCRA",null,0,0]
["A5","SEBRAE",null,0,0]
["A6","Salário Educação",null,0,0]
["A7","Seguro Contra Acidentes de Trabalho",null,0,0]
["A8","FGTS",null,0,0]
["A9","SECONCI",null,0,0]
["B","ENCARGOS SOCIAIS QUE RECEBEM INCIDÊNCIA DE \"A\"",null,{"$f":"SUM(D16:D22)","v":0},0]
["B3","Auxílio Enfermidade",null,0,0]
["B4","13º Salário",null,0,0]
["B5","Licença Paternidade",null,0,0]
["B6","Faltas Justificadas",null,0,0]
["B8","Auxílio Acidente de Trabalho",null,0,0]
["B9","Férias Gozadas",null,0,0]
["B10","Salário Maternidade",null,0,0]
["C","ENCARGOS SOCIAIS QUE NÃO RECEBEM INCIDÊNCIA DE \"A\"",null,{"$f":"SUM(D24:D28)","v":0},0]
["C1","Aviso Prévio Indenizado",null,0,0]
["C2","Aviso Prévio Trabalhado",null,0,0]
["C3","Férias Indenizadas",null,0,0]
["C4","Depósito Rescisão Sem Justa Causa",null,0,0]
["C5","Indenização Adicional",null,0,0]
["D","REINCIDÊNCIAS",null,{"$f":"SUM(D30:D31)","v":0},0]
["D1","Reincidência de \"A\" sobre \"B\"",null,0,0]
["D2","Reincidência de \"A\" sobre Aviso Prévio Trabalhado e reincidência do FGTS sobre Aviso Prévio Indenizado",null,0,0]
["K1c","ENCARGOS SOCIAIS",null,{"$f":"ROUND(D5+D15+D23+D29,4)","v":0},0]
["Kc","TAXA DE RESSARCIMENTO DE DESPESAS E ENCARGOS SOBRE MO3",null,{"$f":"ROUND((1+D32+PFP3_FatorKd!E11)*(1+PFP3_FatorKd!E10)*(1+PFP3_FatorKd!E6),4)","v":1.2976000000000001}]
["OBSERVAÇÃO: SOCIETÁRIOS E EQUIVALENTES\n1 - DISCRIMINAR OS ENCARGOS SOCIAIS COM SEUS RESPECTIVOS PERCENTUAS TOTALIZANDO OS MESMOS.\n2 - APLICAR O % TOTAL P/ CALCULAR OS E. SOCIAIS INCIDENTES NA MÃO-DE-OBRA DE SOCIETÁRIOS\nKc - Taxa de Ressarcimento de Despesas e Encargos sobre a Mão de Obra SOCIETÁRIA (incide apenas no Insumo Codigo MO3) Kc = (1 + K1 + K2) x (1 + K3) x (1 + K4)"]

{"sheet":"PFP3_FatorKd","index":7,"n_rows":18,"n_cols":8,"rows_kept":18,"cut":false,"hidden":false,"merged":[[16,0,16,3],[16,4,16,5],[17,0,17,5],[12,1,12,3],[13,1,13,3],[14,1,14,3],[15,0,15,3],[15,4,15,5],[7,1,7,2],[8,1,8,2],[9,1,9,3],[10,1,10,3],[11,1,11,3],[4,1,4,2],[5,1,5,2],[6,1,6,2],[0,0,1,4],[2,0,2,5],[3,0,3,1],[3,2,3,4]]}
["DESPESAS FISCAIS E CUSTOS DIVERSOS: Kd",{"$nulls":4},"CODIGO:\n"]
[{"$nulls":5},"PFP-3"]
["NOME DA CONSULTORA:"]
[{"$f":"PFF!A3","v":"CONTRATAÇÃO DE SERVIÇOS DE CONSULTORIA, POR MEIO DO SISTEMA DE REGISTRO DE PREÇOS – SRP, PARA CERTIFICAÇÃO DE AGROINDÚSTRIAS DE LÁCTEOS E DE SEUS PRODUTOS NO SERVIÇO DE INSPEÇÃO ESTADUAL – SIE, NO ESTADO DO CEARÁ."},null,{"$f":"PFF!E3","v":"CONTRATANTE: \nCODEVASF (14ª SR)"},null,null,{"$f":"PFF!G3","v":"SINAPI/CE: 06/2025 (NÃO DESONERADA)                              UFIRCE/2025 (R$ 6,02969)                                                   PESQUISA DE MERCADO: 02/2025"}]
["Cod","DESCRIÇÃO1",null,"% preço2","% custo4","R$"]
["K4","TRIBUTOS",null,{"$f":"SUM(D7:D9)","v":0.14250000000000002},{"$f":"ROUND(E7+E8+E9,4)","v":0.1661},{"$f":"E6*SUM(SUMIF(PFP!$B$5:$B$18,\"MO1\",PFP!$K$5:$K$18)*(1+'PFP2.1_FatorKa'!$E$33)+SUMIF(PFP!$B$5:$B$18,\"MO2\",PFP!$K$5:$K$18)*(1+'PFP2.2_FatorKb'!$E$33)+SUMIF(PFP!$B$5:$B$18,\"<>MO*\",PFP!$K$5:$K$18)+$F$11+$F$10)","v":391954.67458576005}]
["K4.1","ISS",null,0.05,{"$f":"ROUND((1/(1-$D$6))*D7,4)","v":5.8299999999999998E-2},{"$f":"E7*SUM(SUMIF(PFP!$B$5:$B$18,\"MO1\",PFP!$K$5:$K$18)*(1+'PFP2.1_FatorKa'!$E$33)+SUMIF(PFP!$B$5:$B$18,\"MO2\",PFP!$K$5:$K$18)*(1+'PFP2.2_FatorKb'!$E$33)+SUMIF(PFP!$B$5:$B$18,\"<>MO*\",PFP!$K$5:$K$18)+$F$11+$F$10)","v":137573.49505328}]
["K4.2","PIS3 - aliquota efetiva aplicavel percentual-desconto",null,1.6500000000000001E-2,{"$f":"ROUND((1/(1-$D$6))*D8,4)","v":1.9199999999999998E-2},{"$f":"E8*SUM(SUMIF(PFP!$B$5:$B$18,\"MO1\",PFP!$K$5:$K$18)*(1+'PFP2.1_FatorKa'!$E$33)+SUMIF(PFP!$B$5:$B$18,\"MO2\",PFP!$K$5:$K$18)*(1+'PFP2.2_FatorKb'!$E$33)+SUMIF(PFP!$B$5:$B$18,\"<>MO*\",PFP!$K$5:$K$18)+$F$11+$F$10)","v":45307.22307072}]
["K4.3","COFINS3 - aliquota efetiva aplicavel percentual-desconto",null,7.5999999999999998E-2,8.8599999999999998E-2,{"$f":"E9*SUM(SUMIF(PFP!$B$5:$B$18,\"MO1\",PFP!$K$5:$K$18)*(1+'PFP2.1_FatorKa'!$E$33)+SUMIF(PFP!$B$5:$B$18,\"MO2\",PFP!$K$5:$K$18)*(1+'PFP2.2_FatorKb'!$E$33)+SUMIF(PFP!$B$5:$B$18,\"<>MO*\",PFP!$K$5:$K$18)+$F$11+$F$10)","v":209073.95646176001}]
["K3","REMUNERAÇÃO DA EMPRESA (LUCRO)",null,null,0.04,{"$f":"E10*SUM(SUMIF(PFP!$B$5:$B$18,\"MO1\",PFP!$K$5:$K$18)*(1+'PFP2.1_FatorKa'!$E$33)+SUMIF(PFP!$B$5:$B$18,\"MO2\",PFP!$K$5:$K$18)*(1+'PFP2.2_FatorKb'!$E$33)+SUMIF(PFP!$B$5:$B$18,\"<>MO*\",PFP!$K$5:$K$18)+$F$11)","v":90759.661600000007}]
["K2","CUSTOS DA ADMINISTRAÇÃO CENTRAL",null,null,{"$f":"ROUND(E12+E13+E14,4)","v":7.0000000000000007E-2},{"$f":"ROUND(E11*SUMIF(PFP!$B$5:$B$18,\"MO*\",PFP!$K$5:$K$18),2)","v":132682.54}]
["K2.1","Custos da administração central da empresa (diretoria, pessoal técnico de apoio e pessoal administrativo não diretamente vinculado à prestação dos serviços)",null,null,0.04,{"$f":"ROUND(E12*SUMIF(PFP!$B$5:$B$18,\"MO*\",PFP!$K$5:$K$18),2)","v":75818.59}]
["K2.2","Outras despesas que afetam o custo de produção como treinamento, biblioteca, programa de qualidade, programa de benefícios, auditoria interna e externa",null,null,0.02,{"$f":"ROUND(E13*SUMIF(PFP!$B$5:$B$18,\"MO*\",PFP!$K$5:$K$18),2)","v":37909.300000000003}]
["K2.3","Despesas fixas e variaveis com patrimônio, aluguéis, comunicação, manutenção e transporte não diretamente relacionados com o custo direto dos serviços",null,null,0.01,{"$f":"ROUND(E14*SUMIF(PFP!$B$5:$B$18,\"MO*\",PFP!$K$5:$K$18),2)","v":18954.650000000001}]
["Kd","TAXA RESSARCIMENTO DE DESPESAS SOBRE CUSTOS DIVERSOS",null,null,{"$f":"ROUND((1+E10)*(1+E6),4)","v":1.2126999999999999},null,1.21,1.23]
["NOME DO INFORMANTE:",null,null,null,"QUALIFICAÇÃO:"]
["ASSINATURA:",null,null,null,"DATA:"]
["Observação:\n1 - RELACIONAR OS CUSTOS DE ADMINISTRAÇÃO COM RESPECTIVOS PERCENTUAIS INCIDENTES NA MÃO -DE-OBRA\n1 - DISCRIMINAR OS TRIBUTOS QUE INCIDEM SOBRE OS CUSTOS DA PRESTAÇÃO DOS SERVIÇOS\n2 - K4 = INDICAR % DE CADA TRIBUTO E A SOMA DOS MESMOS (ex: ISS 5% + PIS 1,65% + COFINS 7,60% = 14,25%)\n3 - PIS e COFINS, Regime de Incidencia Acumulativa (0,65% e 3,00% - sem percentual de desconto) ou em Regime de Incidencia Não Acumulativa (1,65% e 7,60% - aplicável percentual de desconto) de acordo com a forma de apuração do lucro no IRPJ. APRESENTAR COMPROVANTES de aproveitamento de créditos tributários dos últimos 12 meses em caso de aplicação de \"percentual de desconto\".\n4 - AS DESPESAS FISCAIS (K4) INCIDEM SOBRE O TOTAL DA FATURA E NÃO SOBRE OS CUSTOS INCORRIDOS, DEVENDO SER CALCULADO O K4' APLICANDO-SE A SEGUINTE FÓRMULA:\nK4' = { [ 1 / ( 1 - K4) ] - 1 } x 100\nK4' = { [ 1 / ( 1 - 0,124 ) ] - 1 } x 100\nKc - Taxa de Ressarcimento de Despesas sobre Custos Diversos (incide sobre os Insumos Codigo DP e EM) Kc = (1 + K3) x (1 + K4)\nK2 - Incide sobre o Custo Total (CT) da Mão de Obra (MO* = MO1 + MO2)\nK3 - Incide sobre o Custo Total (CT) Mão de Obra com encargos (MO1 x Ka ou MO2 x Kb), demais Custos (DP e EM), e Custos da Administração Central (K2)\nK4 -  Incide sobre o Custo Total (CT) Mão de Obra com encargos (MO1 x Ka ou MO2 x Kb), demais Custos (DP e EM), e Custos da Administração Central (K2) e Lucro (K3)"]

{"sheet":"CRO-1","index":8,"n_rows":27,"n_cols":14,"rows_kept":27,"cut":false,"hidden":false,"merged":[[24,0,26,1],[4,11,7,13],[2,0,3,13],[0,0,1,12],[8,0,9,0],[8,2,9,2],[8,3,9,3],[8,4,9,4],[8,5,9,5],[8,6,9,6],[8,1,9,1],[4,0,7,5],[4,6,7,10]]}
["INSUMOS POR ETAPA/PRODUTO",{"$nulls":12},"CÓDIGO:"]
[{"$nulls":13},"CRO-1"]
["NOME DA CONSULTORA:"]
[]
[{"$f":"PFF!A3","v":"CONTRATAÇÃO DE SERVIÇOS DE CONSULTORIA, POR MEIO DO SISTEMA DE REGISTRO DE PREÇOS – SRP, PARA CERTIFICAÇÃO DE AGROINDÚSTRIAS DE LÁCTEOS E DE SEUS PRODUTOS NO SERVIÇO DE INSPEÇÃO ESTADUAL – SIE, NO ESTADO DO CEARÁ."},{"$nulls":5},{"$f":"PFF!E3","v":"CONTRATANTE: \nCODEVASF (14ª SR)"},{"$nulls":4},{"$f":"PFF!G3","v":"SINAPI/CE: 06/2025 (NÃO DESONERADA)                              UFIRCE/2025 (R$ 6,02969)                                                   PESQUISA DE MERCADO: 02/2025"}]
[]
[]
[]
["Cod.","Código","Categoria / Insumo","Uni","Qde","CUD","PU","FatorK","E1. RATI","E2. RRE","E3. RRP","E4. RCAP","E5. RVF","E6. RAPP"]
[{"$nulls":7},"Meses",9,8,5,8,9,1]
[{"$f":"PFP!C5","v":"P1"},{"$f":"PFP!D5","v":"T1"},{"$f":"PFP!E5","v":"Médico Veterinário"},{"$f":"PFP!F5","v":"h"},{"$f":"I11*PFF!$E$6+J11*PFF!$E$8+K11*PFF!$E$10+L11*PFF!$E$12+M11*PFF!$E$14+N11*PFF!$E$16","v":4320},130.30000000000001,{"$f":"ROUND(F11*H11,2)","v":200.69},{"$f":"'PFP2.2_FatorKb'!$D$33","v":1.5402},24,32,16,0,0,40]
[{"$f":"PFP!C6","v":"P1"},{"$f":"PFP!D6","v":90777},{"$f":"PFP!E6","v":"Engenheiro"},{"$f":"PFP!F6","v":"h"},{"$f":"I12*PFF!$E$6+J12*PFF!$E$8+K12*PFF!$E$10+L12*PFF!$E$12+M12*PFF!$E$14+N12*PFF!$E$16","v":6720},130.30000000000001,{"$f":"ROUND(F12*H12,2)","v":200.69},{"$f":"'PFP2.2_FatorKb'!$D$33","v":1.5402},0,24,0,0,0,200]
[{"$f":"PFP!C7","v":"P1"},{"$f":"PFP!D7","v":90768},{"$f":"PFP!E7","v":"Arquiteto"},{"$f":"PFP!F7","v":"h"},{"$f":"I13*PFF!$E$6+J13*PFF!$E$8+K13*PFF!$E$10+L13*PFF!$E$12+M13*PFF!$E$14+N13*PFF!$E$16","v":1680},127.12,195.79,{"$f":"'PFP2.2_FatorKb'!$D$33","v":1.5402},0,16,0,0,0,40]
[{"$f":"PFP!C8","v":"P1"},{"$f":"PFP!D8","v":90775},{"$f":"PFP!E8","v":"Desenhista"},{"$f":"PFP!F8","v":"h"},{"$f":"I14*PFF!$E$6+J14*PFF!$E$8+K14*PFF!$E$10+L14*PFF!$E$12+M14*PFF!$E$14+N14*PFF!$E$16","v":4560},29.79,45.88,{"$f":"'PFP2.2_FatorKb'!$D$33","v":1.5402},0,32,0,0,0,120]
[{"$f":"PFP!C9","v":"P1"},{"$f":"PFP!D9","v":"T2"},{"$f":"PFP!E9","v":"Instrutor"},{"$f":"PFP!F9","v":"h"},{"$f":"I15*PFF!$E$6+J15*PFF!$E$8+K15*PFF!$E$10+L15*PFF!$E$12+M15*PFF!$E$14+N15*PFF!$E$16","v":480},224.06,345.1,{"$f":"'PFP2.2_FatorKb'!$D$33","v":1.5402},0,0,0,16,0,0]
[{"$f":"PFP!C10","v":"V1"},{"$f":"PFP!D10","v":"CPUH-1"},{"$f":"PFP!E10","v":"Diarias - Interior "},{"$f":"PFP!F10","v":"dia"},{"$f":"I16*PFF!$E$6+J16*PFF!$E$8+K16*PFF!$E$10+L16*PFF!$E$12+M16*PFF!$E$14+N16*PFF!$E$16","v":270},353.39,428.56,{"$f":"PFP3_FatorKd!$E$15","v":1.2126999999999999},3,0,0,4,2,0]
[{"$f":"PFP!C11","v":"V2"},{"$f":"PFP!D11","v":"CLP-1"},{"$f":"PFP!E11","v":"Veículo tipo Hatch 100cv ou mais (Taxa selic 15%)"},{"$f":"PFP!F11","v":"dia"},{"$f":"I17*PFF!$E$6+J17*PFF!$E$8+K17*PFF!$E$10+L17*PFF!$E$12+M17*PFF!$E$14+N17*PFF!$E$16","v":270},108.73,131.86000000000001,{"$f":"PFP3_FatorKd!$E$15","v":1.2126999999999999},3,0,0,4,2,0]
[{"$f":"PFP!C12","v":"TX"},{"$f":"PFP!D12","v":"T3"},{"$f":"PFP!E12","v":"Anotação de Responsabilidade Técnica - ART Engenheiro/Arquiteto 2025"},{"$f":"PFP!F12","v":"un"},{"$f":"I18*PFF!$E$6+J18*PFF!$E$8+K18*PFF!$E$10+L18*PFF!$E$12+M18*PFF!$E$14+N18*PFF!$E$16","v":240},103.03,124.94,{"$f":"PFP3_FatorKd!$E$15","v":1.2126999999999999},0,2,0,0,0,6]
[{"$f":"PFP!C13","v":"TX"},{"$f":"PFP!D13","v":"T4"},{"$f":"PFP!E13","v":"Anotação de Responsabilidade Técnica - ART Médico Veterinário"},{"$f":"PFP!F13","v":"un"},{"$f":"I19*PFF!$E$6+J19*PFF!$E$8+K19*PFF!$E$10+L19*PFF!$E$12+M19*PFF!$E$14+N19*PFF!$E$16","v":60},163,197.67,{"$f":"PFP3_FatorKd!$E$15","v":1.2126999999999999},0,1,0,0,0,1]
[{"$f":"PFP!C14","v":"TX"},{"$f":"PFP!D14","v":"T5"},{"$f":"PFP!E14","v":"Pagamento da Taxa - Análise da documentação"},{"$f":"PFP!F14","v":"un"},{"$f":"I20*PFF!$E$6+J20*PFF!$E$8+K20*PFF!$E$10+L20*PFF!$E$12+M20*PFF!$E$14+N20*PFF!$E$16","v":30},346.95,420.75,{"$f":"PFP3_FatorKd!$E$15","v":1.2126999999999999},0,1,0,0,0,0]
[{"$f":"PFP!C15","v":"TX"},{"$f":"PFP!D15","v":"T6"},{"$f":"PFP!E15","v":"Pagamento da Taxa - Registro do Produto"},{"$f":"PFP!F15","v":"un"},{"$f":"I21*PFF!$E$6+J21*PFF!$E$8+K21*PFF!$E$10+L21*PFF!$E$12+M21*PFF!$E$14+N21*PFF!$E$16","v":90},60.3,73.13,{"$f":"PFP3_FatorKd!$E$15","v":1.2126999999999999},0,0,1,0,0,0]
[{"$f":"PFP!C16","v":"TX"},{"$f":"PFP!D16","v":"T7"},{"$f":"PFP!E16","v":"Pagamento da Taxa - Vistoria Final"},{"$f":"PFP!F16","v":"un"},{"$f":"I22*PFF!$E$6+J22*PFF!$E$8+K22*PFF!$E$10+L22*PFF!$E$12+M22*PFF!$E$14+N22*PFF!$E$16","v":30},602.97,731.22,{"$f":"PFP3_FatorKd!$E$15","v":1.2126999999999999},0,0,0,0,1,0]
[{"$f":"PFP!C17","v":"COT"},{"$f":"PFP!D17","v":"COT-01"},{"$f":"PFP!E17","v":"Laudo de análise fisico-química e microbiológica da água"},{"$f":"PFP!F17","v":"un"},{"$f":"I23*PFF!$E$6+J23*PFF!$E$8+K23*PFF!$E$10+L23*PFF!$E$12+M23*PFF!$E$14+N23*PFF!$E$16","v":30},220,266.79000000000002,{"$f":"PFP3_FatorKd!$E$15","v":1.2126999999999999},0,0,0,0,1,0]
[{"$f":"PFP!C18","v":"ROT"},{"$f":"PFP!D18","v":"ROT-01"},{"$f":"PFP!E18","v":"Desenvolvimento da rotulagem de produtos"},{"$f":"PFP!F18","v":"un"},{"$f":"I24*PFF!$E$6+J24*PFF!$E$8+K24*PFF!$E$10+L24*PFF!$E$12+M24*PFF!$E$14+N24*PFF!$E$16","v":90},456,552.99,{"$f":"PFP3_FatorKd!$E$15","v":1.2126999999999999},0,0,1,0,0,0]
["TOTAL",null,"VALOR POR PRODUTO",{"$nulls":5},{"$f":"ROUND(SUMPRODUCT($G$11:$G$24,I11:I24),2)","v":6497.82},16707.740000000002,3837.16,7763.28,2118.85,62450.11]
[null,null,"VALOR TOTAL",null,{"$f":"SUM(I26:N26)","v":3211478.4},null,null,null,{"$f":"I25*PFF!E6","v":194934.59999999998},{"$f":"J25*PFF!E8","v":501232.20000000007},{"$f":"K25*PFF!E10","v":345344.39999999997},{"$f":"L25*PFF!E12","v":232898.4},{"$f":"M25*PFF!E14","v":63565.5},{"$f":"N25*PFF!E16","v":1873503.3}]
[null,null,"% DO VALOR TOTAL","%",{"$f":"SUM(I27:N27)","v":1},null,null,null,{"$f":"I26/$E$26","v":6.0699333988981516E-2},{"$f":"J26/$E$26","v":0.15607522068340865},0.10753439911039102,7.2520618541292381E-2,1.9793220468180637E-2,0.58337720720774588]

{"sheet":"COTAÇÕES","index":9,"n_rows":14,"n_cols":4,"rows_kept":14,"cut":false,"hidden":false,"merged":[[9,0,9,1],[10,0,10,1],[11,0,11,1],[12,0,12,1],[13,0,13,1],[8,1,8,3],[0,1,0,3],[1,1,1,3],[2,1,2,3],[4,0,4,3],[6,0,6,3]]}
[null,"MINISTÉRIO DA INTEGRAÇÃO E DO DESENVOLVIMENTO REGIONAL - MIDR"]
[null,"COMPANHIA DE DESENVOLVIMENTO DOS VALES DO SÃO FRANCISCO E DO PARNAÍBA"]
[null,"14ª SUPERINTÊNCIA REGIONAL"]
[]
[{"$f":"PFF!A3","v":"CONTRATAÇÃO DE SERVIÇOS DE CONSULTORIA, POR MEIO DO SISTEMA DE REGISTRO DE PREÇOS – SRP, PARA CERTIFICAÇÃO DE AGROINDÚSTRIAS DE LÁCTEOS E DE SEUS PRODUTOS NO SERVIÇO DE INSPEÇÃO ESTADUAL – SIE, NO ESTADO DO CEARÁ."}]
[]
["MAPA DE COTAÇÕES"]
[]
["COT-01","LAUDO DE ANÁLISE DA ÁGUA"]
["EMPRESA",null,"DATA DA COTAÇÃO","VALOR (R$)"]
["LIMPH2O SERVIÇOS",null,"2025-02-11",250]
["LM ENSAIOS TÉCNICOS",null,"2025-02-11",150]
["H2OANALYSIS",null,"2025-02-18",260]
[null,null,"MÉDIA",{"$f":"ROUND(AVERAGE(D11:D13),2)","v":220}]

{"sheet":"CPUH-1","index":10,"n_rows":12,"n_cols":5,"rows_kept":12,"cut":false,"hidden":false,"merged":[[0,0,1,3],[2,0,2,4],[3,0,3,4],[4,0,4,2]]}
["CPU HOSPEDAGEM",null,null,null,"CODIGO:"]
[{"$nulls":4},"CPUH-1"]
["NOME DA CONSULTORA:"]
[]
[{"$f":"PFF!A3","v":"CONTRATAÇÃO DE SERVIÇOS DE CONSULTORIA, POR MEIO DO SISTEMA DE REGISTRO DE PREÇOS – SRP, PARA CERTIFICAÇÃO DE AGROINDÚSTRIAS DE LÁCTEOS E DE SEUS PRODUTOS NO SERVIÇO DE INSPEÇÃO ESTADUAL – SIE, NO ESTADO DO CEARÁ."},null,null,{"$f":"PFF!E3","v":"CONTRATANTE: \nCODEVASF (14ª SR)"},{"$f":"PFF!G3","v":"SINAPI/CE: 06/2025 (NÃO DESONERADA)                              UFIRCE/2025 (R$ 6,02969)                                                   PESQUISA DE MERCADO: 02/2025"}]
[]
[null,"Engenharia Consultiva da Codevasf","Capital","Interior"]
[null,"CPU - HOSPEDAGEM EQUIPE DE CAMPO (4 PESSOAS/MÊS)",null,null,"Código/Referencia"]
[null,"Custo diário por pessoa:",345.08,252.8,"Tabela Diária Codevasf"]
[null,"Alimentação:",100.59,100.59,"Tabela Diária Codevasf"]
[]
[null,"Diária Total (alimentação + hospedagem):",{"$f":"SUM(C9:C11)","v":445.66999999999996},{"$f":"SUM(D9:D11)","v":353.39}]

{"sheet":"CLP-1","index":11,"n_rows":84,"n_cols":33,"rows_kept":84,"cut":false,"hidden":false,"merged":[[49,21,49,28],[0,0,0,3],[2,0,2,2],[1,0,1,3],[3,0,3,3],[4,0,4,2],[4,5,4,8],[5,0,5,3],[49,9,49,20]]}
[]
["Composição de Preços de Locação de Veículos"]
["Data de atualização:",null,null,"2025-07-14",null,"CV","Média","Mediana",null,null,null,"CV","Média","Mediana",{"$nulls":9},"CV","Média","Mediana"]
["CODEVASF ",{"$nulls":4},{"$f":"_xlfn.STDEV.S(F7:I7)/AVERAGE(F7:I7)","v":0.1466333998024873},{"$f":"AVERAGE(F7:I7)","v":75224.5},{"$f":"MEDIAN(F7:I7)","v":74407.5},null,null,null,{"$f":"_xlfn.STDEV.S(M6:U6)/AVERAGE(M6:U6)","v":0.15722347279585167},{"$f":"AVERAGE(M6:U6)","v":26.768888888888892},{"$f":"MEDIAN(M6:U6)","v":27.12},{"$nulls":9},{"$f":"_xlfn.STDEV.S(Y6:AG6)/AVERAGE(Y6:AG6)","v":0.16218949848342898},{"$f":"AVERAGE(Y6:AG6)","v":329.14444444444445},{"$f":"MEDIAN(Y6:AG6)","v":334.75}]
["OBS:               Preço sem BDI e sem motorista                                                           BDI=",{"$nulls":4},"Preço FIPE",{"$nulls":4},"PRODUTO","MENOR","COT. 1","COT. 2","COT. 3","COT. 4","COT. 5","COT. 6","COT. 7","COT. 8","COT. 9",null,"PRODUTO ","MENOR","COT. 1","COT. 2","COT. 3","COT. 4","COT. 5","COT. 6","COT. 7","COT. 8","COT. 9"]
["Veículo Leve 1.0 T. Flex 12V 5p",{"$nulls":4},"Renault Kwid Zen 1.0","Hyndai HB20 Sense 1.0 ","ONIX HATCH LT 1.0 12V Flex 5p Mec.","MOBI TREKKING 1.0 Flex 5p.",null,"LUBRIFICANTE 15W40",{"$f":"SMALL(M4:N4,1)","v":26.768888888888892},27.12,19.010000000000002,28.9,23.9,28.76,33.9,29.44,24.9,24.99,null,"Pneu 185/65 R14",{"$f":"SMALL(Y4:Z4,1)","v":329.14444444444445},289.89999999999998,{"$f":"1255.8/4","v":313.95},289,{"$f":"1339/4","v":334.75},{"$f":"1519.6/4","v":379.9},231,364.9,{"$f":"718/2","v":359},{"$f":"799.8/2","v":399.9}]
[null,null,"Custo Mensal (R$):",{"$f":"D48","v":3261.7895771823796},null,63868,80150,88215,68665,null,null,""]
[null,null,"Custo Diário (R$):",{"$f":"D7/30","v":108.72631923941266}]
[null,null,"Custo Horário (R$):",{"$f":"D7/176","v":18.532895324899883}]
["A",null,"Depreciação mensal do equipamento"]
["A1",null,"Preço de Aquisição ",{"$f":"SMALL(G4:H4,1)","v":74407.5}]
["A2",null,"Tempo previsto de vida útil (meses)",36]
["A3",null,"Previsão de recup. Na venda do bem usado",0.7]
["A4",null,"Custo mensal [A1-(A3xA1)]/A2",{"$f":"(D11-(D13*D11))/D12","v":620.0625}]
["B",null,"Juros pelo Capital empregado"]
["B1",null,"Taxa mensal de Juros *",{"$f":"POWER(1+D53,1/12)-1","v":1.171491691985338E-2}]
["B2",null,"Juros s/depreciação/aluguel (B1xA4)",{"$f":"D16*D14","v":7.2639806726165865}]
["C",null,"Conservação e manutenção **",0.75]
["C1",null,"Taxa de gastos s/a deprec. Inc. seguros (%)",{"$f":"D18","v":0.75}]
["C2",null,"Incidência mensal (C1xA4)",{"$f":"D19*D14","v":465.046875}]
["D",null,"Combustível"]
["D1",null,"Média mensal de quilômetro por veículo",4500,null,{"$f":"3*300*2*30/12","v":4500}]
["D2",null,"Preço do litro de combustível",6.14]
["D3",null,"Quilômetros rodados com um litro combustivel",{"$f":"(12.8+13.3+15.3+15)/4","v":14.100000000000001}]
["D4",null,"Combustivel    (D1/D3)*D2",{"$f":"(D22/D24)*D23","v":1959.574468085106}]
["E",null,"Lubrificantes"]
["E1",null,"Quilometragem do Contrato (D1*12)",{"$f":"D22*36","v":162000}]
["E2",null,"Franquia por troca de óleo (km)",10000]
["E3",null,"Preço do litro de óleo",{"$f":"L6","v":26.768888888888892}]
["E4",null,"Quantidade de litros de óleo por troca",4]
["E5",null,"Quantidade de dias do Contrato",{"$f":"365*3","v":1095}]
["E6",null,"Lubrificantes  E = (E1*E3*E4*30)/E2*E5",{"$f":"(D27*D29*D30*30)/(D28*D31)","v":47.523945205479464}]
["F",null,"Pneus"]
["F1",null,"Quilometragem do Contrato ",{"$f":"D27","v":162000}]
["F2",null,"Vida do Pneu em quilômetros",45000]
["F3",null,"Quantidade de pneus",5]
["F4",null,"Preço do Pneu",{"$f":"X6","v":329.14444444444445}]
["F5",null,"Quantidade de dias do contrato ",{"$f":"D31","v":1095}]
["F6",null,"Pneus = (F1*F3*F4*30)/(F2*F5)",{"$f":"(D34*D36*D37*30)/(D35*D38)","v":162.31780821917809}]
["G",null,"Motorista"]
["G1",null,"Salário com encargos sociais",0]
["H",null,"Custo Mensal"," ",{"$nulls":6},"https://www.google.com/search?q=lubrificante+15w40+1l&sa=X&biw=1600&bih=757&tbm=shop&sxsrf=AJOqlzUezMM_9i0M4NKjKqAMycLuOygp_g%3A1677158931166&ei=E2r3Y5e2CcH31sQPsK67CA&ved=0ahUKEwjXi8vy36v9AhXBu5UCHTDXDgEQ4dUDCAg&uact=5&oq=lubrificante+15w40+1l&gs_lcp=Cgtwcm9kdWN0cy1jYxADMgsIABAWEB4Q8QQQGDoICAAQgAQQsAM6CQgAEAcQHhCwAzoJCAAQCBAeELADOgkIABAeELADEBg6DggAEAUQHhDxBBCwAxAYOgUIABCABDoGCAAQFhAeOggIABAWEB4QGEoECEEYAVDeBFi3DWD0D2gBcAB4AIABpQWIAZAIkgEHMy0xLjAuMZgBAKABAcgBCsABAQ&sclient=products-cc"]
[null,null,"Sem Motorista (A4+B2+C2+D4+E6+F6)",{"$f":"D14+D17+D20+D25+D32+D39","v":3261.7895771823796}]
[null,null,"Com Motorista (A4+B2+C2+D4+E6+F6+G1)",{"$f":"D14+D17+D20+D25+D32+D39+D41","v":3261.7895771823796}]
["I",null,"Custo Direto p/ km Rodado"]
[null,null,"Sem Motorista",{"$f":"D43/D22","v":0.72484212826275107},{"$nulls":17},"https://www.google.com/search?q=Pneu+185%2F65+R14&sa=X&hl=pt-BR&biw=1600&bih=757&tbm=shop&sxsrf=AJOqlzVJW-LYM1ZPHImwhsD-4UwyAvTluQ%3A1677158863331&ei=z2n3Y-uxE-zT1sQP0r-OmAs&ved=0ahUKEwir1Z7S36v9AhXsqZUCHdKfA7MQ4dUDCAg&uact=5&oq=Pneu+185%2F65+R14&gs_lcp=Cgtwcm9kdWN0cy1jYxADMgsIABCABBCxAxCDATIFCAAQgAQyBQgAEIAEMgUIABCABDIFCAAQgAQyBQgAEIAEMgUIABCABDIFCAAQgAQyBQgAEIAEMgUIABCABEoECEEYAFD5A1jGCWC1EGgAcAB4AIABrQmIAdcbkgEHNS0yLjAuMpgBAKABAcABAQ&sclient=products-cc"]
[null,null,"Com Motorista",{"$f":"D44/D22","v":0.72484212826275107}]
["J",null,"Preço cobrado sem BDI",{"$f":"D43*(1+D5)","v":3261.7895771823796}]
["J1",null,"Sem Motorista",{"$f":"D48","v":3261.7895771823796}]
["J2",null,"Com Motorista",{"$f":"D44","v":3261.7895771823796}]
[]
[]
["*",null,"Calculado com base na taxa SELIC JUNHO/2025:",0.15]
[]
["**",null,"Conservação e manutenção - é calculado com o uso de um coeficiente multiplicador \"k\", conforme tabela abaixo, sobre a "]
[null,null,"depreciação mensal do equipamento (Item A da planilha de composição de preços). Os valores de K são fornecidos por"]
[null,null," fabricantes. "]
[null,null,"Metodologia conforme a bibliografia \"Como Preparar Orçamentos de Obras\", 3 edição, Aldo Dórea Mattos, 2019."]
{"$rows_empty":23}
[{"$nulls":5},"PREÇO DA GASOLINA",6.14]
[]
[{"$nulls":5},"https://precos.petrobras.com.br/sele%C3%A7%C3%A3o-de-estados-gasolina"]